|
|
|
|
| LEADER |
02580nam a22004573i 4500 |
| 001 |
EBC5628067 |
| 003 |
MiAaPQ |
| 005 |
20231204023214.0 |
| 006 |
m o d | |
| 007 |
cr cnu|||||||| |
| 008 |
231204s2018 xx o ||||0 eng d |
| 020 |
|
|
|a 9783319999487
|q (electronic bk.)
|
| 020 |
|
|
|z 9783319999470
|
| 035 |
|
|
|a (MiAaPQ)EBC5628067
|
| 035 |
|
|
|a (Au-PeEL)EBL5628067
|
| 035 |
|
|
|a (OCoLC)1079153746
|
| 040 |
|
|
|a MiAaPQ
|b eng
|e rda
|e pn
|c MiAaPQ
|d MiAaPQ
|
| 050 |
|
4 |
|a PN3311-3503
|
| 082 |
0 |
|
|a 809.93353
|
| 100 |
1 |
|
|a Rose, Arthur.
|
| 245 |
1 |
0 |
|a Reading Breath in Literature.
|
| 250 |
|
|
|a 1st ed.
|
| 264 |
|
1 |
|a Cham :
|b Springer International Publishing AG,
|c 2018.
|
| 264 |
|
4 |
|c Ã2019.
|
| 300 |
|
|
|a 1 online resource (141 pages)
|
| 336 |
|
|
|a text
|b txt
|2 rdacontent
|
| 337 |
|
|
|a computer
|b c
|2 rdamedia
|
| 338 |
|
|
|a online resource
|b cr
|2 rdacarrier
|
| 490 |
1 |
|
|a Palgrave Studies in Literature, Science and Medicine Series
|
| 505 |
0 |
|
|a Intro -- Acknowledgements -- Contents -- Authors and Contributors -- Chapter 1 Introduction: Reading Breath in Literature -- Abstract -- References -- Chapter 2 The Play of Breath: Chaucer's Narratives of Feeling -- Abstract -- References -- Chapter 3 Wasting Breath in Hamlet -- Abstract -- References -- Chapter 4 Out of Breath: Respiratory Aesthetics from Ruskin to Vernon Lee -- Abstract -- Art Unthought -- Drawn-in Breath and Wide-Opened Eyes -- Respiratory Aesthetics and Enactive Cognition -- References -- Chapter 5 Ebb and Flow: Breath-Writing from Ancient Rhetoric to Jack Kerouac and Allen Ginsberg -- Abstract -- Ancient Origins of the Breath-Stop -- Ginsberg and Quintilian -- Kerouac and Aristotle -- References -- Chapter 6 Combat Breathing in Salman Rushdie's The Moor's Last Sigh -- Abstract -- References.
|
| 588 |
|
|
|a Description based on publisher supplied metadata and other sources.
|
| 590 |
|
|
|a Electronic reproduction. Ann Arbor, Michigan : ProQuest Ebook Central, 2023. Available via World Wide Web. Access may be limited to ProQuest Ebook Central affiliated libraries.
|
| 655 |
|
4 |
|a Electronic books.
|
| 700 |
1 |
|
|a Heine, Stefanie.
|
| 700 |
1 |
|
|a Tsentourou, Naya.
|
| 700 |
1 |
|
|a Saunders, Corinne.
|
| 700 |
1 |
|
|a Garratt, Peter.
|
| 776 |
0 |
8 |
|i Print version:
|a Rose, Arthur
|t Reading Breath in Literature
|d Cham : Springer International Publishing AG,c2018
|z 9783319999470
|
| 797 |
2 |
|
|a ProQuest (Firm)
|
| 830 |
|
0 |
|a Palgrave Studies in Literature, Science and Medicine Series
|
| 856 |
4 |
0 |
|u https://ebookcentral.proquest.com/lib/matrademy/detail.action?docID=5628067
|z Click to View
|